000 02030nam a22003257a 4500
003 DO-SdBNP
005 20231009085510.0
008 171020b2009 |00| 0 spa d
020 _a99789945001815
040 _aBPMSU
_bspa
_cBPMSU
082 4 _aRD861.44
_bM425m 2009
_222
100 1 _aMorrison, Mateo,
_d1947-
245 1 0 _aMateo Morrison y su obra poética :
_bdiversas miradas /
_cMateo Morrison, Franklin García Fermín ...[et.al.].
260 _aSanto Domingo :
_bUASDj,
_c2009.
300 _a103 p. :
_c22 cm.
505 0 _aMateo recorriendo los caminos de la Patria/ Rafael Nino-Féliz -- Discurso pronunciado por el doctor /Franklin García Fermín, rector de la Universidad Autónoma de Santo Domingo, en el acto de puesta en circulación del libro Las palabras están ahí -- Cuerpo, casa y ciudad: un mismo centro. Sobre Las palabras están ahí Mateo Morrison / Claudia Hernández del Valle -- La alborada verbal de Mateo Morrison / Tony Raful -- (Re)pensar a Mateo Morrison / Federico Jóvine Bermúdez -- Mateo Morrison y la ansilaridad sostenible y coherente: Las palabras están ahí / José Rosamantes -- Palabras del escritor Carlos Reyes, del circulo literario de Valverde Mao, en la puesta en circulación del libro Las palabras están ahí -- Otras miradas poesía e identidad en Mateo Morrison /Teresa Saldívar -- La obra fecunda de Mateo Morrison / Rafael Pineda -- Opiniones de diversos escritores acerca de la obra de Mateo Morrison -- Biografía -- Bibliografía activa -- Bibliografía pasiva.
590 _aInventariado, 2023/VM
650 4 _a Poesía dominicana
_xCrítica e interpretación
650 4 _aLiteratura dominicana
_xHistoria y crítica
700 1 _aHernández del Valle, Claudia
700 1 _aRaful, Tony
700 1 _aJóvine Bermúdez, Federico
700 1 _aRosamantes, José de
700 1 _aReyes, Carlos
700 1 _aFéliz, Rafael Nino
700 1 _aZaldívar, Teresa
700 1 _aPineda, Rafael
910 _aVMateo V. Control de calidad BPMSU
942 _2ddc
_cBK
999 _c12652
_d12652